Terminologický slovník environmentalistiky

Uložené v:
Podrobná bibliografia
Hlavný autor: Klinda, Jozef
Médium: Kniha
Jazyk:Slovak
Vydavateľské údaje: Bratislava Ministerstvo životného prostredia SR 2000
Predmet:
Tagy: Pridať tag
Žiadne tagy, Buďte prvý, kto otaguje tento záznam!

MARC

LEADER 00000nam a2200000 4500
001 c124959
005 20221108093444.2
020 |a 80-88833-22-1 
041 0 |a slo 
044 |a SK 
245 1 0 |a Terminologický slovník environmentalistiky  |c Jozef Klinda 
264 1 |a Bratislava  |b Ministerstvo životného prostredia SR  |c 2000 
300 |a 764 s. 
610 2 0 |a environmentalistika 
610 2 0 |a terminológia 
610 2 0 |a prostredie životné 
610 2 0 |a ochrana prostredia životného 
100 1 |a Klinda, Jozef